| 000 | 00988nam a22001937a 4500 | ||
|---|---|---|---|
| 003 | OSt | ||
| 005 | 20260414073523.0 | ||
| 008 | 260414b |||||||| |||| 00| 0 eng d | ||
| 040 |
_aDWCL GS lib _cOC |
||
| 082 | _aFic. W684 2010 | ||
| 100 | _aPublishing Riley's | ||
| 245 |
_aripley's rbi fact or fiction? bureau of investigation: _bthe dragon's triangle _cRipley's Publishing |
||
| 260 |
_aUnited States _bRipley's Publishing _cc2010 |
||
| 300 |
_a125 _billustrations _c19cm |
||
| 520 | _aThe Dragon's Triangle by Kay Wilkins (published by Ripley's Publishing, 2010) is a fictional middle-grade mystery novel. It follows the RBI (Ripley Bureau of Investigation) agents tracking a sea monster off the Japanese coast, blending the real, legendary "Devil's Sea" mystery with a fictionalized, thrilling adventure tailored for younger readers | ||
| 546 | _aEnglish | ||
| 700 | _a Riley's Publishing | ||
| 942 |
_2ddc _cFIC. _e125 _hFic. W684 2010 _n0 |
||
| 999 |
_c9406 _d9406 |
||